| 000 -LEADER |
| fixed length control field |
00547nam a2200169 a 4500 |
| 020 ## - INTERNATIONAL STANDARD BOOK NUMBER |
| ISBN |
9062249922 |
| 040 ## - CATALOGING SOURCE |
| Transcribing agency |
DLC |
| 082 ## - DEWEY DECIMAL CLASSIFICATION NUMBER |
| Classification number |
016 PUB1993 C146 Or. |
| 100 1# - MAIN ENTRY--AUTHOR NAME |
| Personal name |
Hombergh, Heleen van den |
| 245 10 - TITLE STATEMENT |
| Title |
Gender, environment, and development : |
| Remainder of title |
a guide to the literature / |
| 260 ## - PUBLICATION, DISTRIBUTION, ETC. (IMPRINT) |
| Place of publication |
Utrecht, The Netherlands : |
| Name of publisher |
Published for the Institute for Development Research Amsterdam by International Books, |
| Year of publication |
1993 |
| 300 ## - PHYSICAL DESCRIPTION |
| Number of Pages |
175 p. ; |
| Dimensions |
22 cm |
| 650 #0 - SUBJECT ADDED ENTRY--TOPICAL TERM |
| Topical Term |
Human ecology |
| 650 #0 - SUBJECT ADDED ENTRY--TOPICAL TERM |
| Topical Term |
Women in development |
| 650 #0 - SUBJECT ADDED ENTRY--TOPICAL TERM |
| Topical Term |
Sex role |
| 942 ## - ADDED ENTRY ELEMENTS (KOHA) |
| Koha item type |
ADB |
| 952 ## - LOCATION AND ITEM INFORMATION (KOHA) |
| Withdrawn status [LOCAL, KOHA] |
0 |